Các Vấn Đề Nghiên Cứu Về Hoa Kỳ /
Lich sư van hoa va xa hoi Hoa ky-He thong chinh tri,phap luat Hoa ky-Kinh te Hoa ky-Chinh sach đoi ngoaicua Hoa ky
Salvato in:
| Autore principale: | |
|---|---|
| Natura: | Tesi Libro |
| Lingua: | Vietnamese |
| Pubblicazione: |
-H :
Giáo dục Việt Nam,
2011.
|
| Soggetti: | |
| Tags: |
Aggiungi Tag
Nessun Tag, puoi essere il primo ad aggiungerne! !
|
| Thư viện lưu trữ: | Mạng thư viện Đại học Đà Nẵng |
|---|
| LEADER | 01428nam a22003611a 4500 | ||
|---|---|---|---|
| 001 | 000033848 | ||
| 003 | 10040 | ||
| 005 | 20230424102236.0 | ||
| 008 | 151027s2011 000 vie | ||
| 020 | |a 8934994104579 | ||
| 040 | |a LNN | ||
| 041 | |a vie | ||
| 082 | |a 973.97 |b NG-H | ||
| 100 | |a PGS.TS Nguyễn Thái Yên Hương |b PGS.TS Tạ Minh Tuấn |c đong chu bien | ||
| 245 | 0 | |a Các Vấn Đề Nghiên Cứu Về Hoa Kỳ / |c Nguyễn Thái Yên Hương |c Tạ Minh Tuấn. | |
| 260 | |a -H : |b Giáo dục Việt Nam, |c 2011. | ||
| 300 | |a 24cm : |b 699tr;. | ||
| 502 | |a Hoc vien ngoai giao |b Sach tham khao dung trong cac trương Đai hoc | ||
| 520 | |a Lich sư van hoa va xa hoi Hoa ky-He thong chinh tri,phap luat Hoa ky-Kinh te Hoa ky-Chinh sach đoi ngoaicua Hoa ky | ||
| 650 | |a Lich sư |b Lich sư Hoa ky | ||
| 653 | |b Các Vấn Đề Nghiên Cứu Về Hoa Kỳ,Nguyễn Thái Yên Hương,2011 | ||
| OWN | |a LNN | ||
| AVA | |a UDN50 |b LNN |d 973.97 NG-H |e available |t Error 5001 Not defined in file expand_doc_bib_avail. |f 2 |g 0 |h N |i 0 |k 1 | ||
| 999 | |a From the UDN01 | ||
| AVA | |a UDN50 |b LNN |d 973.97 NG-H |e available |t Error 5001 Not defined in file expand_doc_bib_avail. |f 2 |g 0 |h N |i 0 |k 1 | ||
| TYP | |a Dissertation | ||
| TYP | |a Monograph | ||
| TYP | |a Printed language | ||
| 980 | |a Mạng thư viện Đại học Đà Nẵng | ||


